Sports Quiz

Random Sports or Football Quiz

Lucas Radebe's Leeds United Team-mates Quiz Stats

 Plays Quiz not verified by Sporcle

Support Sporcle.
Go Orange.
Score 0/103 Timer 20:00
0 Plays Today
Player Name % Correct
Alan Smith
94%
Nigel Martyn
93.6%
Gary Kelly
93.4%
Mark Viduka
92.1%
Ian Harte
91.7%
Paul Robinson
91.5%
David Batty
90.2%
Harry Kewell
89.7%
Jonathan Woodgate
85.3%
Lee Bowyer
85%
Rio Ferdinand
81.4%
Gary Speed
80.8%
Tony Yeboah
80.1%
Gary McAllister
77.8%
Eirik Bakke
77.4%
Michael Bridges
76.7%
Seth Johnson
76.5%
Robbie Fowler
76.3%
Simon Johnson
75.9%
Danny Mills
75.4%
Olivier Dacourt
75.2%
Robbie Keane
75%
Dominic Matteo
74.8%
Gordon Strachan
72.6%
John Lukic
72%
Rod Wallace
71.6%
Brian Deane
70.1%
Jimmy Floyd Hasselbaink
68.8%
Jason Wilcox
67.9%
James Milner
67.3%
Matthew Jones
67.1%
Phil Masinga
66.7%
Alf Inge Haaland
64.3%
Stephen McPhail
63.5%
Tony Dorigo
62.6%
Player Name % Correct
David Hopkin
62%
Michael Duberry
61.8%
David Wetherall
61.8%
Gunnar Halle
61.5%
Lee Sharpe
59.6%
Ian Rush
58.8%
Aaron Lennon
56.8%
David White
56.4%
Nick Barmby
56.2%
Tomas Brolin
54.9%
Carlton Palmer
54.7%
Robert Molenaar
54.7%
Frazer Richardson
54.1%
Roque Junior
53.4%
Mark Beeney
52.8%
Darren Huckerby
52.8%
Neil Sullivan
52.4%
Lamine Sakho
49.1%
Jermaine Pennant
48.5%
Jacob Burns
47.6%
Scott Carson
47.4%
Andy Gray
46.8%
Chris Fairclough
46.2%
Noel Whelan
45.9%
Bruno Ribeiro
44.7%
Matthew Kilgallon
44%
Zoumana Camara
42.3%
Nigel Worthington
42.3%
Jermaine Wright
42.1%
Mark Ford
41.7%
David Robertson
41.7%
Clyde Wijnhard
41%
Rob Hulse
39.7%
Paul Butler
39.5%
Paul Okon
38.9%
Player Name % Correct
Alan Maybury
38.2%
Teddy Lucic
38%
Salomon Olembe
37.8%
Willem Korsten
37.8%
John Pemberton
37.6%
Martin Hiden
37.4%
Richard Jobson
36.8%
Didier Domi
36.1%
Jody Morris
35.7%
Danny Pugh
34.8%
Julian Joachim
34.2%
Sean Gregan
34%
Derrick Lilley
34%
Andy Couzens
33.8%
Michael Ricketts
32.3%
Stephen Caldwell
31.2%
Raul Bravo
31%
Cyril Chapuis
30.8%
Mark Tinkler
30.8%
Mark Jackson
30.3%
Jamie McMaster
30.1%
Paul Beesley
29.9%
Pierre Laurent
27.1%
Mark Hateley
26.5%
Tony Hackworth
26.3%
Danny Granville
25.9%
Stephen Crainey
25.6%
Gareth Evans
23.9%
Lee Matthews
22.9%
Jason Blunt
20.1%
Ian Moore
17.9%
Matthew Spring
15.2%
Paul Shepherd
13.2%

You're not logged in!

Compare scores with friends on all Sporcle quizzes.
OR
Log In

From the Vault

Cartoon Archnemeses

by gazzso

Can’t these toons just get along?
Remove Ads.
Support Sporcle.
Get the best of Sporcle when you Go Orange. This ad-free experience offers more features, more stats, and more fun while also helping to support Sporcle. Thank you for becoming a member.

Show Comments

Extras

Top Quizzes Today


Score Distribution

Your Account Isn't Verified!

In order to create a playlist on Sporcle, you need to verify the email address you used during registration. Go to your Sporcle Settings to finish the process.

Report this User

Report this user for behavior that violates our Community Guidelines.

Details: